Annual review and summary (Record no. 102178)

MARC details
000 -LEADER
fixed length control field 00583cam a2200205 4500
001 - CONTROL NUMBER
control field J118791
008 - FIXED-LENGTH DATA ELEMENTS--GENERAL INFORMATION
fixed length control field 020712n2002 000 0 eng u
035 ## - SYSTEM CONTROL NUMBER
System control number (Sirsi) u118791
041 0# - LANGUAGE CODE
Language code of text/sound track or separate title eng
050 04 - LIBRARY OF CONGRESS CALL NUMBER
Classification number 333.0062 $2 18
110 2# - MAIN ENTRY--CORPORATE NAME
Corporate name or jurisdiction name as entry element Royal Institution of Chartered Surveyors
Subordinate unit Finance
9 (RLIN) 5107
245 00 - TITLE STATEMENT
Title Annual review and summary
Remainder of title financial statements
260 ## - PUBLICATION, DISTRIBUTION, ETC.
Place of publication, distribution, etc. London
Name of publisher, distributor, etc. RICS
Date of publication, distribution, etc. 2002
300 ## - PHYSICAL DESCRIPTION
Extent 10p.
Dimensions 30cm.
490 #0 - SERIES STATEMENT
Series statement RICS Annual Report
490 #0 - SERIES STATEMENT
Series statement RICS Financial Statements
651 #4 - SUBJECT ADDED ENTRY--GEOGRAPHIC NAME
Geographic name International
690 ## - LOCAL SUBJECT ADDED ENTRY--TOPICAL TERM (OCLC, RLIN)
Topical term or geographic name as entry element ABOUT RICS-RICS ANNUAL REPORT
942 ## - ADDED ENTRY ELEMENTS (KOHA)
Suppress in OPAC 0
Holdings
Withdrawn status Lost status Source of classification or shelving scheme Damaged status Not for loan Home library Current library Shelving location Date acquired Total Checkouts Full call number Barcode Date last seen Copy number Price effective from Koha item type
    Dewey Decimal Classification     London London RICS Boxes 12/07/2002   RICS 2002/22 30066228 06/08/2019 1 06/08/2019 Archive
    Dewey Decimal Classification     London London RICS Boxes 24/03/2004   RICS 2002/22 30068813 06/08/2019 2 06/08/2019 Reference material